Pangean Landmarks Quiz Stats

 Plays Quiz not verified by Sporcle

Support Sporcle.
Go Orange.
Score 0/26 Timer 04:00
1 Play Today
% Correct
Asia
94.9%
Africa
94.6%
North America
93.9%
South America
92.5%
Europe
91%
Arctic Lake
90.3%
Indian subcontinent
90%
New Zealand
88.5%
Australia
88%
Indian Lake
87%
Cuba
86.5%
Hudson Lake
85.9%
Greenland
85.7%
% Correct
Central America
82.9%
New Guinea
82.6%
Mediterranean Lakes
80.5%
Antarctic Lake
78.7%
Antarctica
78%
Madagascar
76.7%
Caspian Bay
75.2%
Great Lakes
73.5%
Japan
72%
Atlantic Lake
71.7%
SE Asia
69%
Arabian subcontinent
62.2%
Tethys Sea
50.6%

You're not logged in!

Compare scores with friends on all Sporcle quizzes.
OR
Log In

From the Vault

Don't Prick the Porcupine

by Hejman

Balloon animals can only take so much before they reach their breaking point.
Remove Ads.
Support Sporcle.
Get the best of Sporcle when you Go Orange. This ad-free experience offers more features, more stats, and more fun while also helping to support Sporcle. Thank you for becoming a member.

Show Comments

Extras

Top Quizzes Today


Score Distribution

Your Account Isn't Verified!

In order to create a playlist on Sporcle, you need to verify the email address you used during registration. Go to your Sporcle Settings to finish the process.

Report this User

Report this user for behavior that violates our Community Guidelines.

Details: